<?xml version="1.0" encoding="UTF-8"?>
<record
    xmlns:xsi="http://www.w3.org/2001/XMLSchema-instance"
    xsi:schemaLocation="http://www.loc.gov/MARC21/slim http://www.loc.gov/standards/marcxml/schema/MARC21slim.xsd"
    xmlns="http://www.loc.gov/MARC21/slim">

  <leader>00409nam a22001577a 4500</leader>
  <controlfield tag="003">OSt</controlfield>
  <controlfield tag="005">20231122113149.0</controlfield>
  <controlfield tag="008">230202b        xxu||||| |||| 00| 0 eng d</controlfield>
  <datafield tag="020" ind1=" " ind2=" ">
    <subfield code="a">9789327276794</subfield>
  </datafield>
  <datafield tag="040" ind1=" " ind2=" ">
    <subfield code="c">IIMT UNIVERSITY, MEERUT</subfield>
  </datafield>
  <datafield tag="100" ind1=" " ind2=" ">
    <subfield code="a">REDDY, SR</subfield>
  </datafield>
  <datafield tag="245" ind1=" " ind2=" ">
    <subfield code="a">GEO- INFORM AND NANO TECHNOLOGY FOR PRECISION FARMING</subfield>
  </datafield>
  <datafield tag="260" ind1=" " ind2=" ">
    <subfield code="a">NEW DELHI</subfield>
    <subfield code="b">KALYANI PUB.</subfield>
    <subfield code="c">2022</subfield>
  </datafield>
  <datafield tag="300" ind1=" " ind2=" ">
    <subfield code="a">116</subfield>
  </datafield>
  <datafield tag="942" ind1=" " ind2=" ">
    <subfield code="2">ddc</subfield>
    <subfield code="c">02</subfield>
  </datafield>
  <datafield tag="999" ind1=" " ind2=" ">
    <subfield code="c">56320</subfield>
    <subfield code="d">56320</subfield>
  </datafield>
  <datafield tag="952" ind1=" " ind2=" ">
    <subfield code="0">0</subfield>
    <subfield code="1">0</subfield>
    <subfield code="2">ddc</subfield>
    <subfield code="4">0</subfield>
    <subfield code="7">0</subfield>
    <subfield code="a">01</subfield>
    <subfield code="b">01</subfield>
    <subfield code="d">2023-02-02</subfield>
    <subfield code="e">PRAKASH BOOK DEPOT</subfield>
    <subfield code="g">195.00</subfield>
    <subfield code="i">244</subfield>
    <subfield code="l">1</subfield>
    <subfield code="p">01-B-139287</subfield>
    <subfield code="r">2024-02-16</subfield>
    <subfield code="s">2023-09-11</subfield>
    <subfield code="w">2023-02-02</subfield>
    <subfield code="y">02</subfield>
  </datafield>
  <datafield tag="952" ind1=" " ind2=" ">
    <subfield code="0">0</subfield>
    <subfield code="1">0</subfield>
    <subfield code="2">ddc</subfield>
    <subfield code="4">0</subfield>
    <subfield code="7">0</subfield>
    <subfield code="a">01</subfield>
    <subfield code="b">01</subfield>
    <subfield code="d">2023-02-02</subfield>
    <subfield code="e">PRAKASH BOOK DEPOT</subfield>
    <subfield code="g">195.00</subfield>
    <subfield code="i">244</subfield>
    <subfield code="l">1</subfield>
    <subfield code="p">01-B-139288</subfield>
    <subfield code="r">2024-02-09</subfield>
    <subfield code="s">2023-09-11</subfield>
    <subfield code="w">2023-02-02</subfield>
    <subfield code="y">02</subfield>
  </datafield>
  <datafield tag="952" ind1=" " ind2=" ">
    <subfield code="0">0</subfield>
    <subfield code="1">0</subfield>
    <subfield code="2">ddc</subfield>
    <subfield code="4">0</subfield>
    <subfield code="7">0</subfield>
    <subfield code="a">01</subfield>
    <subfield code="b">01</subfield>
    <subfield code="d">2023-02-02</subfield>
    <subfield code="e">PRAKASH BOOK DEPOT</subfield>
    <subfield code="g">195.00</subfield>
    <subfield code="i">244</subfield>
    <subfield code="l">1</subfield>
    <subfield code="p">01-B-139289</subfield>
    <subfield code="r">2024-02-14</subfield>
    <subfield code="s">2023-09-12</subfield>
    <subfield code="w">2023-02-02</subfield>
    <subfield code="y">02</subfield>
  </datafield>
  <datafield tag="952" ind1=" " ind2=" ">
    <subfield code="0">0</subfield>
    <subfield code="1">0</subfield>
    <subfield code="2">ddc</subfield>
    <subfield code="4">0</subfield>
    <subfield code="7">0</subfield>
    <subfield code="a">01</subfield>
    <subfield code="b">01</subfield>
    <subfield code="d">2023-02-02</subfield>
    <subfield code="e">PRAKASH BOOK DEPOT</subfield>
    <subfield code="g">195.00</subfield>
    <subfield code="i">244</subfield>
    <subfield code="l">1</subfield>
    <subfield code="p">01-B-139290</subfield>
    <subfield code="r">2024-02-13</subfield>
    <subfield code="s">2023-09-14</subfield>
    <subfield code="w">2023-02-02</subfield>
    <subfield code="y">02</subfield>
  </datafield>
  <datafield tag="952" ind1=" " ind2=" ">
    <subfield code="0">0</subfield>
    <subfield code="1">0</subfield>
    <subfield code="2">ddc</subfield>
    <subfield code="4">0</subfield>
    <subfield code="7">0</subfield>
    <subfield code="a">01</subfield>
    <subfield code="b">01</subfield>
    <subfield code="d">2023-02-02</subfield>
    <subfield code="e">PRAKASH BOOK DEPOT</subfield>
    <subfield code="g">195.00</subfield>
    <subfield code="i">244</subfield>
    <subfield code="l">1</subfield>
    <subfield code="p">01-B-139291</subfield>
    <subfield code="r">2024-02-13</subfield>
    <subfield code="s">2023-09-14</subfield>
    <subfield code="w">2023-02-02</subfield>
    <subfield code="y">02</subfield>
  </datafield>
  <datafield tag="952" ind1=" " ind2=" ">
    <subfield code="0">0</subfield>
    <subfield code="1">0</subfield>
    <subfield code="2">ddc</subfield>
    <subfield code="4">0</subfield>
    <subfield code="7">0</subfield>
    <subfield code="a">01</subfield>
    <subfield code="b">01</subfield>
    <subfield code="d">2023-02-02</subfield>
    <subfield code="e">PRAKASH BOOK DEPOT</subfield>
    <subfield code="g">195.00</subfield>
    <subfield code="i">244</subfield>
    <subfield code="l">1</subfield>
    <subfield code="p">01-B-139292</subfield>
    <subfield code="r">2024-02-13</subfield>
    <subfield code="s">2023-09-14</subfield>
    <subfield code="w">2023-02-02</subfield>
    <subfield code="y">02</subfield>
  </datafield>
  <datafield tag="952" ind1=" " ind2=" ">
    <subfield code="0">0</subfield>
    <subfield code="1">0</subfield>
    <subfield code="2">ddc</subfield>
    <subfield code="4">0</subfield>
    <subfield code="7">0</subfield>
    <subfield code="a">01</subfield>
    <subfield code="b">01</subfield>
    <subfield code="d">2023-02-02</subfield>
    <subfield code="e">PRAKASH BOOK DEPOT</subfield>
    <subfield code="g">195.00</subfield>
    <subfield code="i">244</subfield>
    <subfield code="l">1</subfield>
    <subfield code="p">01-B-139293</subfield>
    <subfield code="r">2024-01-31</subfield>
    <subfield code="s">2023-09-18</subfield>
    <subfield code="w">2023-02-02</subfield>
    <subfield code="y">02</subfield>
  </datafield>
  <datafield tag="952" ind1=" " ind2=" ">
    <subfield code="0">0</subfield>
    <subfield code="1">0</subfield>
    <subfield code="2">ddc</subfield>
    <subfield code="4">0</subfield>
    <subfield code="7">0</subfield>
    <subfield code="a">01</subfield>
    <subfield code="b">01</subfield>
    <subfield code="d">2023-02-02</subfield>
    <subfield code="e">PRAKASH BOOK DEPOT</subfield>
    <subfield code="g">195.00</subfield>
    <subfield code="i">244</subfield>
    <subfield code="l">1</subfield>
    <subfield code="p">01-B-139294</subfield>
    <subfield code="r">2024-02-13</subfield>
    <subfield code="s">2023-09-18</subfield>
    <subfield code="w">2023-02-02</subfield>
    <subfield code="y">02</subfield>
  </datafield>
  <datafield tag="952" ind1=" " ind2=" ">
    <subfield code="0">0</subfield>
    <subfield code="1">0</subfield>
    <subfield code="2">ddc</subfield>
    <subfield code="4">0</subfield>
    <subfield code="7">0</subfield>
    <subfield code="a">01</subfield>
    <subfield code="b">01</subfield>
    <subfield code="d">2023-02-02</subfield>
    <subfield code="e">PRAKASH BOOK DEPOT</subfield>
    <subfield code="g">195.00</subfield>
    <subfield code="i">244</subfield>
    <subfield code="l">1</subfield>
    <subfield code="p">01-B-139295</subfield>
    <subfield code="r">2024-02-15</subfield>
    <subfield code="s">2023-09-22</subfield>
    <subfield code="w">2023-02-02</subfield>
    <subfield code="y">02</subfield>
  </datafield>
  <datafield tag="952" ind1=" " ind2=" ">
    <subfield code="0">0</subfield>
    <subfield code="1">0</subfield>
    <subfield code="2">ddc</subfield>
    <subfield code="4">0</subfield>
    <subfield code="7">0</subfield>
    <subfield code="a">01</subfield>
    <subfield code="b">01</subfield>
    <subfield code="d">2023-02-02</subfield>
    <subfield code="e">PRAKASH BOOK DEPOT</subfield>
    <subfield code="g">195.00</subfield>
    <subfield code="i">244</subfield>
    <subfield code="l">1</subfield>
    <subfield code="p">01-B-139296</subfield>
    <subfield code="r">2024-02-16</subfield>
    <subfield code="s">2023-09-08</subfield>
    <subfield code="w">2023-02-02</subfield>
    <subfield code="y">02</subfield>
  </datafield>
</record>
